La condición de la niñez mexicana en los años del ajuste / (Record no. 169010)
[ view plain ]
| 000 -CABECERA | |
|---|---|
| campo de control de longitud fija | 00817nam a2200241 u 4500 |
| 005 - FECHA Y HORA DE LA ÚLTIMA TRANSACCIÓN | |
| campo de control | 20241114063736.0 |
| 008 - ELEMENTOS DE LONGITUD FIJA--INFORMACIÓN GENERAL | |
| campo de control de longitud fija | 140408s2000 mx r 000 0 spa d |
| 020 ## - NÚMERO INTERNACIONAL NORMALIZADO PARA LIBROS | |
| Número Internacional Estándar del Libro | 9280637002 |
| 035 ## - NÚMERO DE CONTROL DEL SISTEMA | |
| Número de control de sistema | UPN01000196909 |
| 049 ## - COLECCIÓN | |
| Colección | CG |
| 050 #4 - SIGNATURA TOPOGRÁFICA DE LA BIBLIOTECA DEL CONGRESO | |
| Número de clasificación | HQ792 M6 |
| Número de documento/Ítem | A3.2 |
| 100 1# - ASIENTO PRINCIPAL--NOMBRE PERSONAL | |
| Nombre de persona | Aguirre Reveles, Rodolfo |
| 9 (RLIN) | 42126 |
| 245 13 - MENCIÓN DE TÍTULO | |
| Título | La condición de la niñez mexicana en los años del ajuste / |
| Mención de responsabilidad, etc. | Rodolfo Aguirre Reveles. |
| 260 ## - PUBLICACIÓN, DISTRIBUCIÓN, ETC. | |
| Lugar de publicación, distribución, etc. | México : |
| Nombre del editor, distribuidor, etc. | UNICEF, |
| Fecha de publicación, distribución, etc. | 2000. |
| 300 ## - DESCRIPCIÓN FÍSICA | |
| Extensión | 130 p. : |
| Otras características físicas | gráfs., cuadros |
| 440 #0 - MENCIÓN DE SERIE/ASIENTO SECUNDARIO--TÍTULO | |
| Título | Primero los niños |
| 500 ## - NOTA GENERAL | |
| Nota general | En la portada dice: "Ejercicio CASA SAPRIN México" |
| 650 #4 - ASIENTO SECUNDARIO DE MATERIA - TERMINO TEMATICO | |
| Término de materia o nombre geográfico como elemento de entrada | Niños |
| Subdivisión geográfica | México |
| Subdivisión general | Condiciones sociales |
| 9 (RLIN) | 15783 |
| 650 #4 - ASIENTO SECUNDARIO DE MATERIA - TERMINO TEMATICO | |
| Término de materia o nombre geográfico como elemento de entrada | NIÑOS - |
| Subdivisión general | POLITICA GUBERNAMENTAL - |
| Subdivisión geográfica | MEXICO |
| 9 (RLIN) | 26997 |
| 650 #4 - ASIENTO SECUNDARIO DE MATERIA - TERMINO TEMATICO | |
| Término de materia o nombre geográfico como elemento de entrada | Derechos de los niños |
| Subdivisión geográfica | México |
| 9 (RLIN) | 14272 |
| 905 ## - TIPO DE MATERIAL | |
| Tipo de material | Libro |
| Estado de retiro | Estado de pérdida | Fuente del sistema de clasificación o colocación | Estado dañado | No para préstamo | Código de colección | Localización permanente | Ubicación/localización actual | Ubicación en estantería | Total de préstamos | Clasificación | Código de barras | Fecha visto por última vez | Número de copia | Tipo de ítem Koha |
|---|---|---|---|---|---|---|---|---|---|---|---|---|---|---|
| Library of Congress Classification | Colección General | Bib. Gregorio Torres Quintero | Bib. Gregorio Torres Quintero | Planta baja | 1 | HQ792 M6 A3.2 | 326019 | 31/12/2020 | 1 | Libro | ||||
| Library of Congress Classification | Colección General | Bib. Gregorio Torres Quintero | Bib. Gregorio Torres Quintero | Planta baja | HQ792 M6 A3.2 | 295352 | 31/12/2020 | 1 | Libro |
